Statistics for 50 Marvel Villains by Picture #4

Click here to take the quiz!

General Stats

  • This quiz has been taken 24 times
  • The average score is 21 of 50

Answer Stats

Answer% Correct
Ebony Maw
95%
Corvus Glaive
90%
Proxima Midnight
90%
Black Dwarf (Cull Obsidian)
86%
Swarm (Fritz von Meyers)
67%
Terrax the Tamer (Tyros)
57%
Wendigo (various)
57%
Wizard (Bentley Wittman)
57%
Aldrich Killian
52%
Boomerang (Frederick Myers)
52%
Ghost
52%
Impossible Man
52%
Purple Man (Zebediah Killgrave)
52%
Red Ghost (Ivan Kragoff)
52%
Sauron (Karl Lykos)
52%
Kaecilius
48%
Shadow King (Amahl Farouk)
48%
Titanium Man (Boris Bullski)
48%
Zzzax
48%
Cancer (Jack Kleveno)
43%
Korath the Pursuer (Korath-Thak)
43%
Supergiant
43%
Terminatrix (Ravonna Renslayer)
43%
Awesome Android
38%
Fancy Dan (Daniel Brito)
38%
Man-Wolf (John Jonah Jameson III)
38%
Montana (Jackson Brice)
38%
Owl (Leland Owlsley)
38%
Destiny (Irene Adler)
33%
Michael Korvac
33%
Ox (Raymond Bloch)
33%
Pisces (Dimitri Kantov)
33%
Big Man (Frederick Foswell)
29%
Capricorn (Willard Weir)
29%
Gemini (Joshua Link)
29%
Goblin Queen (Madelyne Pryor)
29%
Living Brain
29%
Sagittarius (Harlan Vargas)
29%
Virgo (Elaine McLaughlin)
29%
Arkon
24%
Goliath (Erik Josten)
24%
Igor
24%
Mr. Hyde (Calvin Zabo)
24%
Spider-Slayer (Alistaire Smythe)
24%
Legion (David Haller)
19%
Magnitron (Yon-Rogg)
19%
Miklho
19%
Peotor
19%
White King (Donald Pierce)
14%
Nitro (Robert Hunter)
10%

Score Distribution

Percentile by Number Answered

Percent of People with Each Score

Your Score History

You have not taken this quiz